000 00919nam a2200289Ia 4500
001 Para_6004
003 CHAP
008 220125s1983 xx 000 0 und d
010 _a202663
040 _cCHAP
090 _aPA TESIS 588
100 _aOrozco Vargas, María Gloria
_983707
245 _aAspectos ecológicos del viroide "planta macho del jitomate" /
_c por María Gloria Orozco Vargas
260 _aChapingo, Méx. :
_b el autor
300 _a58 h.
502 _aTesis (M.C. Esp. en Fitopatología) CP Centro de Fitopatología
650 _aPlanta macho del tomate
_988781
650 _aTomate
_x enfermedades por virus
_9113715
710 _aColegio de Postgraduados. Centro de Fitopatología
_9164783
901 _aPA TESIS 588
902 _aA
905 _a0000001983 a 0000000000 00
910 _a1983
942 _cPARA
942 _cPARA
_d1
999 _c202663
_d202663